000 00903nam a2200265Ia 4500
003 OSt
005 20220930084115.0
006 a|||||r|||| 00| 0
007 ta
008 220926b |||||||| |||| 00| 0 eng d
024 _a82563
037 _cTheses
040 _aCRL
_cCRL
_beng
041 _2eng
_aeng
100 _aBudhiraja Sachin
_9536852
110 _aUniversity of Delhi. Faculty of Medical Sciences. Department of Medicine
245 0 _aTo study the clinical and angiographic profile of young patients presenting with acute coronary syndromes
260 _c2004
650 _aMEDICINE
700 _a Dr. U. C. Kansra Gu.
_9536853
700 _a Dr. V. P. S. Punia Gu.
_9536854
700 _aUniversity of Delhi. Faculty of Medical Sciences. Department of Medicine
942 _cDIS
_2CC
999 _c876661
_d876661